000 00676nam a2200205 i 4500
001 19592
003 ES-MaACL
005 20260129173915.0
007 t|
008 021004s1964 sp ||||1| cat d
100 1 _aAbella, Delfí,
_d1925-2007
_9144802
245 1 0 _aGeni i catalanitat de Ramón Llull /
_cDelfí Abella.
260 _aBarcelona :
_bRafael Dalmau,
_c1964.
300 _a60 p. ;
_c19 cm.
490 1 _aPanorama actual de les idees ;
_v33
600 0 4 _aRamón Llull,
_cBeato,
_dca. 1232-1316?-
_xCrítica e interpretación
_995218
830 1 _aPanorama actual de les idees
_v33
_9180987
852 _aES-MaACL
_jC-26899
999 _c19592
_d19592